000 00786cab a22002055a 4500
001 L144217
008 080704e20080627xxka f 000 0 eng d
035 _a(Sirsi) u144217
041 0 _aeng
100 1 _aShah, Aditi
245 0 0 _aRegional report
_bNorth-East
260 _c2008
490 0 _aProperty Week
_v73(26) 27 June 2008, 91-105(7)
520 _aReports on the market and deals from around the region. Reports that Northern Rock may not occupy two new office buildings as planned due to job losses. Reports on regeneration efforts in Gateshead. Discusses the development of a deep-sea terminal at Middlesbrough.
590 _aKA
651 4 _aNorth East
690 _aPROPERTY-COMMERCIAL PROPERTY-COMMERCIAL PROPERTY MARKET
700 1 _aSandher, Hardeep
942 _n0
999 _c80395
_d80395